000 00356nam a22001217a 4500
008 140109t xxu||||| |||| 00| 0 eng d
100 _aAsad Ullah Ghalib
_9588
245 _aMajmoa Makateeb e Ghalib
_bTanqeedi o tehqeeqi jaiza aur asal mathan
300 _a500
710 _aProfessor Nazeer ahmad
_9589
710 _aGhulam Rasool Meher
_9590
942 _2ddc
_cBK
999 _c16856
_d16856